| 000 | 01034aam a2200277 i 4500 | ||
|---|---|---|---|
| 999 |
_c68095 _d68095 |
||
| 003 | Mx-PuUPA | ||
| 005 | 20220302075455.0 | ||
| 008 | 190423s2010 fluad|||r|||| 00| 0 eng d | ||
| 020 | _a9781420092912 | ||
| 040 |
_aMx-PuUPA _bspa _cMx-PuUPA _dMx-PuUPA _erda |
||
| 041 | 0 | _aeng | |
| 100 | 1 |
_aHough, Guillermo, _eautor _99181 |
|
| 245 | 1 | 0 |
_aSensory shelf life estimation of food products / _cGuillermo Hough |
| 264 | 1 |
_aBoca Ratón, FL : _bCRC Press Taylor & Francis Group, _c©2010 |
|
| 300 |
_axvii, 246 páginas : _bilustraciones, gráficas ; _c24 cm. |
||
| 336 |
_2rdacontent _atexto _btxt |
||
| 337 |
_2rdamedia _asin medio _bn |
||
| 338 |
_2rdacarrier _avolumen _bnc |
||
| 650 | 4 |
_aAlimentos _xAnálisis |
|
| 650 | 4 |
_aAlimentos _xPreservación |
|
| 650 | 4 |
_aIndustria y comercio de alimentos _xControl de calidad |
|
| 942 |
_2ddc _cLI _h664.072 _iH835 |
||